[Event "Titled Tue 20th May Late"]
[Site "chess.com INT"]
[Date "2025.05.20"]
[Round "2"]
[White "Shubenkova, Veronika"]
[Black "Bernadskiy, Vitaliy"]
[Result "0-1"]
[WhiteTitle "WFM"]
[BlackTitle "GM"]
[WhiteElo "2024"]
[BlackElo "2523"]
[WhiteFideId "44124040"]
[BlackFideId "14100371"]
[EventDate "2025.05.20"]

1. e4 d6 2. d4 Nf6 3. f3 e5 4. dxe5 dxe5 5. Qxd8+ Kxd8 6. Be3 Be6 7. Nc3 c6 8.
O-O-O+ Nbd7 9. a3 Kc7 10. g4 a5 11. h4 Bc5 12. Bxc5 Nxc5 13. g5 Nh5 14. Bh3 b5
15. Bxe6 Nxe6 16. Nh3 Nhf4 17. Nxf4 Nxf4 18. Rd2 Rad8 19. Rhd1 Rxd2 20. Rxd2 h6
21. gxh6 Rxh6 22. Rh2 g5 23. h5 Rxh5 24. Rxh5 Nxh5 25. Ne2 Kd6 26. Kd2 Ke6 27.
Ng3 Nxg3 0-1

[Event "Titled Tue 20th May Late"]
[Site "chess.com INT"]
[Date "2025.05.20"]
[Round "2"]
[White "Aranda, Juan Manuel"]
[Black "Rodriguez, Santiago"]
[Result "1-0"]
[WhiteTitle "CM"]
[BlackTitle "CM"]
[WhiteElo "2134"]
[BlackElo "2252"]
[WhiteFideId "160458"]
[BlackFideId "3000591"]
[EventDate "2025.05.20"]

1. Nf3 Nf6 2. g3 e6 3. Bg2 d5 4. O-O Be7 5. d3 O-O 6. Nbd2 c5 7. e4 Nc6 8. e5
Nd7 9. Re1 b5 10. Nf1 Bb7 11. h4 Qc7 12. Bf4 Rfc8 13. h5 h6 14. Ne3 Qd8 15. Ng4
Bf8 16. Qd2 Nd4 17. Bxh6 gxh6 18. Nxh6+ Kh7 19. Ng5+ Qxg5 20. Qxg5 Bxh6 21. Qe7
Rc7 22. Qxf7+ Kh8 23. c3 Nf5 24. Qxe6 Rf8 25. Bh3 Bc8 26. Bxf5 Nf6 27. Qd6 1-0

[Event "Titled Tue 20th May Late"]
[Site "chess.com INT"]
[Date "2025.05.20"]
[Round "2"]
[White "Zieba, Hubert"]
[Black "Khalafvand, Dorsa Sadat"]
[Result "1-0"]
[WhiteTitle "CM"]
[BlackTitle "WCM"]
[WhiteElo "2233"]
[BlackElo "1985"]
[WhiteFideId "21844704"]
[BlackFideId "36767522"]
[EventDate "2025.05.20"]

1. d4 d5 2. c4 e6 3. Nf3 a6 4. g3 dxc4 5. Bg2 b5 6. Ne5 c6 7. O-O Bb7 8. b3 cxb3
9. Qxb3 Nf6 10. Bb2 Qc7 11. Rc1 Bd6 12. Nd2 O-O 13. a4 Nbd7 14. Nxc6 Qb6 15. a5
Nc5 16. axb6 Nxb3 17. Nxb3 Nd5 18. Nba5 Bxc6 19. Rxc6 Bb4 20. Bxd5 exd5 21. Ba3
Bxa3 22. Rxa3 Rfb8 23. b7 h6 24. bxa8=Q Rxa8 25. Nb3 1-0

[Event "Titled Tue 20th May Late"]
[Site "chess.com INT"]
[Date "2025.05.20"]
[Round "2"]
[White "Makaraci, Tunahan"]
[Black "Pereyra, Horacio"]
[Result "0-1"]
[WhiteTitle "FM"]
[WhiteElo "2233"]
[BlackElo "2133"]
[WhiteFideId "6356559"]
[BlackFideId "113700"]
[EventDate "2025.05.20"]

1. e4 c5 2. c3 d5 3. exd5 Qxd5 4. d4 Nf6 5. Nf3 Bg4 6. dxc5 Qxc5 7. Be3 Qc7 8.
h3 Bh5 9. Qa4+ Nbd7 10. Bb5 Bxf3 11. gxf3 e6 12. Nd2 Be7 13. Ne4 O-O 14. Bg5 Nb6
15. Qc2 Nxe4 16. Bxe7 Nxf2 17. Qxf2 Qxe7 18. O-O-O Qg5+ 0-1

[Event "Titled Tue 20th May Late"]
[Site "chess.com INT"]
[Date "2025.05.20"]
[Round "2"]
[White "Yanev, Tihomir"]
[Black "Erece, Ece Alkim"]
[Result "1/2-1/2"]
[WhiteTitle "IM"]
[BlackTitle "WCM"]
[WhiteElo "2354"]
[BlackElo "1843"]
[WhiteFideId "2910110"]
[BlackFideId "6346006"]
[EventDate "2025.05.20"]

1. e4 c6 2. c3 d5 3. e5 Bf5 4. d4 e6 5. Ne2 h5 6. h4 Ne7 7. Ng3 Bg6 8. Bd3 Bxd3
9. Qxd3 a6 10. O-O c5 11. Bg5 cxd4 12. cxd4 Nbc6 13. Nc3 Qb6 14. Rfd1 g6 15. Bf6
Rg8 16. Na4 Qb5 17. Qc2 Nf5 18. Nxf5 gxf5 19. Bg5 Be7 20. Bxe7 Kxe7 21. Nc3 Qb6
22. Na4 Qb5 23. Nc3 Qb6 24. Na4 Qb5 1/2-1/2

[Event "Titled Tue 20th May Late"]
[Site "chess.com INT"]
[Date "2025.05.20"]
[Round "2"]
[White "Skramstad, Oda Kofoed"]
[Black "Roebers, Eline"]
[Result "0-1"]
[WhiteTitle "WCM"]
[BlackTitle "IM"]
[WhiteElo "1898"]
[BlackElo "2361"]
[WhiteFideId "1564862"]
[BlackFideId "1058401"]
[EventDate "2025.05.20"]

1. e4 c5 2. Nf3 e6 3. d4 cxd4 4. Nxd4 Nf6 5. Nc3 Nc6 6. Bd3 Nxd4 7. Be3 Nc6 8.
O-O a6 9. f4 d5 10. exd5 Nxd5 11. Nxd5 Qxd5 12. Qe2 Bc5 13. Bxc5 Qxc5+ 14. Kh1
b5 15. Rae1 Bb7 16. f5 e5 17. f6 g6 18. Be4 O-O-O 19. Rc1 Nd4 20. Qg4+ Kb8 21.
c3 Nf5 22. b4 Qc7 23. Qf3 Nd6 24. Bxb7 Qxb7 25. Qg3 Nc4 26. Rfe1 Rd2 27. Re3
Nxe3 0-1

[Event "Titled Tue 20th May Late"]
[Site "chess.com INT"]
[Date "2025.05.20"]
[Round "2"]
[White "Yurtseven, Melih"]
[Black "Duarte Cramer, Lily Jeanette"]
[Result "1-0"]
[WhiteTitle "IM"]
[BlackTitle "WCM"]
[WhiteElo "2339"]
[BlackElo "1828"]
[WhiteFideId "6312160"]
[BlackFideId "29620180"]
[EventDate "2025.05.20"]

1. e4 c5 2. Nf3 d6 3. Bb5+ Bd7 4. Bxd7+ Qxd7 5. O-O Nc6 6. c3 e6 7. Re1 g6 8. d4
cxd4 9. cxd4 Bg7 10. Nc3 Nge7 11. d5 exd5 12. exd5 Ne5 13. Nxe5 Bxe5 14. Bh6
Bxc3 15. bxc3 f6 16. Bg7 Kf7 17. Bxh8 Rxh8 18. c4 Rc8 19. Qd3 Qf5 20. Qd4 Rc5
21. Re6 Qg5 22. h4 Qh5 23. Qxf6+ Kg8 24. Rxe7 Qf5 25. Qg7# 1-0

[Event "Titled Tue 20th May Late"]
[Site "chess.com INT"]
[Date "2025.05.20"]
[Round "2"]
[White "Goltsev, Dmitry"]
[Black "Shoboev, Dandar"]
[Result "1-0"]
[WhiteTitle "FM"]
[BlackTitle "FM"]
[WhiteElo "2183"]
[BlackElo "2252"]
[WhiteFideId "24176710"]
[BlackFideId "44197012"]
[EventDate "2025.05.20"]

1. e4 c5 2. Nf3 e6 3. d4 cxd4 4. Nxd4 Nc6 5. Nc3 d6 6. Be2 Nge7 7. O-O Nxd4 8.
Qxd4 Nc6 9. Qd1 a6 10. Be3 Be7 11. a3 b5 12. f4 Bb7 13. Bf3 Rc8 14. Qd2 O-O 15.
Rad1 Na5 16. b3 Qc7 17. Ne2 Nc6 18. Ng3 Rfe8 19. Nh5 Bf8 20. Qf2 Qe7 21. Bc1 g6
22. Qg3 e5 23. f5 Nd4 24. Bg5 Qc7 25. Nf6+ Kh8 26. Rxd4 exd4 27. Qh4 h5 28. Bxh5
Kg7 29. Bxg6 1-0

[Event "Titled Tue 20th May Late"]
[Site "chess.com INT"]
[Date "2025.05.20"]
[Round "2"]
[White "Belov, Alexei"]
[Black "Martinez Alcantara, Jose Eduardo"]
[Result "0-1"]
[WhiteTitle "IM"]
[BlackTitle "GM"]
[WhiteElo "2421"]
[BlackElo "2611"]
[WhiteFideId "4128206"]
[BlackFideId "3805662"]
[EventDate "2025.05.20"]

1. e4 c5 2. Nf3 d6 3. d4 cxd4 4. Nxd4 a6 5. Nc3 e6 6. Be2 b5 7. Bf3 Bb7 8. O-O
Nd7 9. a4 bxa4 10. Re1 Ngf6 11. Nxa4 Be7 12. c4 O-O 13. b3 Ne5 14. Bg5 h6 15.
Bxf6 Bxf6 16. Rc1 Rb8 17. Nc3 Nc6 18. Nxc6 Bxc6 19. Qd3 Be5 20. Rb1 Qa5 21. Ne2
Qc5 22. Red1 Rb6 23. g3 Rfb8 24. Bg2 a5 25. Kf1 a4 26. f4 Rxb3 27. Rxb3 Rxb3 28.
Qc2 Bf6 29. Qd2 a3 0-1

[Event "Titled Tue 20th May Late"]
[Site "chess.com INT"]
[Date "2025.05.20"]
[Round "2"]
[White "Kocharin, Timur"]
[Black "Hiermann, Dietmar"]
[Result "1-0"]
[WhiteTitle "FM"]
[BlackTitle "FM"]
[WhiteElo "2324"]
[BlackElo "2216"]
[WhiteFideId "16240936"]
[BlackFideId "1602918"]
[EventDate "2025.05.20"]

1. d4 Nf6 2. Nc3 e6 3. e4 Bb4 4. e5 Nd5 5. Bd2 Ne7 6. Bd3 c5 7. dxc5 Bxc5 8. Nf3
Nbc6 9. Qe2 Nd4 10. Nxd4 Bxd4 11. O-O-O O-O 12. Qe4 Nf5 13. g4 d5 14. exd6 Bxf2
15. gxf5 exf5 16. Qf3 Bc5 17. Bxf5 Bxf5 18. Qxf5 Qxd6 19. Ne4 1-0

[Event "Titled Tue 20th May Late"]
[Site "chess.com INT"]
[Date "2025.05.20"]
[Round "2"]
[White "Kochavi, Dana"]
[Black "Buchenau, Frank"]
[Result "0-1"]
[WhiteTitle "FM"]
[BlackTitle "FM"]
[WhiteElo "2226"]
[BlackElo "2190"]
[WhiteFideId "2837137"]
[BlackFideId "4604350"]
[EventDate "2025.05.20"]

1. e4 e6 2. d4 d5 3. Nc3 Nf6 4. e5 Nfd7 5. f4 c5 6. Nf3 Nc6 7. Be3 a6 8. Ne2 b5
9. c3 Be7 10. Kf2 f6 11. g3 g5 12. exf6 Nxf6 13. Nxg5 Ng4+ 14. Kf3 Bxg5 15. fxg5
O-O+ 16. Kxg4 e5+ 17. Kh4 h6 18. g4 Rf3 19. Qd2 Ra7 20. Bg2 hxg5+ 21. Kh5 Rh7+
22. Kg6 Qf6# 0-1

[Event "Titled Tue 20th May Late"]
[Site "chess.com INT"]
[Date "2025.05.20"]
[Round "2"]
[White "Becking, Stephan"]
[Black "Materia, Marco"]
[Result "0-1"]
[WhiteTitle "IM"]
[BlackTitle "IM"]
[WhiteElo "2410"]
[BlackElo "2489"]
[WhiteFideId "4632478"]
[BlackFideId "45150451"]
[EventDate "2025.05.20"]

1. d4 Nf6 2. Nf3 d5 3. c3 h6 4. Bf4 Bf5 5. e3 e6 6. Bd3 Bxd3 7. Qxd3 Bd6 8. Bxd6
Qxd6 9. Nbd2 O-O 10. e4 dxe4 11. Nxe4 Nxe4 12. Qxe4 c6 13. Qe5 Qe7 14. O-O Rc8
15. a3 Nd7 16. Qe2 Nb6 17. Rfe1 c5 18. Rad1 cxd4 19. Rxd4 Rc5 20. Red1 Rac8 21.
Ne5 Rd5 22. Rxd5 exd5 23. Qg4 Qxe5 0-1

[Event "Titled Tue 20th May Late"]
[Site "chess.com INT"]
[Date "2025.05.20"]
[Round "2"]
[White "Zilberstein, Dmitry"]
[Black "Wang, Justin Zhide"]
[Result "0-1"]
[WhiteTitle "IM"]
[WhiteElo "2358"]
[BlackElo "2007"]
[WhiteFideId "2010739"]
[BlackFideId "4312830"]
[EventDate "2025.05.20"]

1. e4 e5 2. Nf3 Nc6 3. Bc4 Nf6 4. d3 Bc5 5. O-O d6 6. h3 h6 7. c3 a6 8. Bb3 Ba7
9. Re1 Nh7 10. d4 Qe7 11. Be3 Ng5 12. Nbd2 Bd7 13. Qc2 Na5 14. dxe5 Bxe3 15.
Rxe3 dxe5 16. Nc4 Nc6 17. a4 Be6 18. a5 O-O-O 19. Nfd2 Rd7 20. Ba4 Rhd8 21. Bxc6
bxc6 22. b3 Qc5 23. b4 Qb5 24. Na3 Rxd2 25. Qxd2 Rxd2 26. Nxb5 cxb5 27. h4 Nh7
28. f3 Nf6 29. Kf1 Ne8 30. g3 Nd6 31. Ke1 Rh2 32. Rd1 Bb3 33. Rb1 Rh1+ 0-1

[Event "Titled Tue 20th May Late"]
[Site "chess.com INT"]
[Date "2025.05.20"]
[Round "2"]
[White "Aravindh, Chithambaram VR."]
[Black "Ristic, Nebojsa M"]
[Result "1-0"]
[WhiteTitle "GM"]
[BlackTitle "IM"]
[WhiteElo "2749"]
[BlackElo "2248"]
[WhiteFideId "5072786"]
[BlackFideId "900850"]
[EventDate "2025.05.20"]

1. c4 Nf6 2. Nc3 g6 3. e4 d6 4. d4 Bg7 5. Be2 O-O 6. Be3 e5 7. d5 a5 8. g4 Na6
9. g5 Nd7 10. h4 f5 11. Nf3 Ndc5 12. Nd2 f4 13. Bxc5 Nxc5 14. Qc2 c6 15. O-O-O
cxd5 16. Nxd5 Be6 17. Kb1 Rc8 18. Nc3 Qe7 19. Bf1 Qf7 20. Bh3 Bxh3 21. Rxh3 Ne6
22. Qd3 Nd4 23. Nd5 b5 24. cxb5 Rc5 25. Nb3 Nxb3 26. Qxb3 Qd7 27. Nf6+ 1-0

[Event "Titled Tue 20th May Late"]
[Site "chess.com INT"]
[Date "2025.05.20"]
[Round "2"]
[White "Alvarado, Carlos"]
[Black "Pavlidou, Ekaterini"]
[Result "0-1"]
[WhiteTitle "CM"]
[BlackTitle "WIM"]
[WhiteElo "2032"]
[BlackElo "2198"]
[WhiteFideId "3800555"]
[BlackFideId "4213262"]
[EventDate "2025.05.20"]

1. Nf3 c5 2. e3 Nc6 3. b3 d5 4. Bb2 Nf6 5. Bb5 Bd7 6. O-O a6 7. Be2 Qc7 8. c4 e5
9. cxd5 Nxd5 10. Nc3 Nxc3 11. dxc3 e4 12. Nd2 f5 13. c4 Bd6 14. g3 O-O-O 15. a3
h5 16. Bxh5 Ne5 17. b4 Nd3 18. bxc5 Bxc5 19. Bxg7 Rh7 20. Bc3 Qb6 21. Rb1 Qh6
22. Nb3 Qxh5 23. Qxh5 Rxh5 24. Nxc5 Nxc5 25. Rb6 Bc6 26. h4 Na4 27. Rb3 Rd3 28.
Rc1 Rh7 29. Kf1 Be8 30. Ke1 Bh5 31. c5 Rhd7 0-1

[Event "Titled Tue 20th May Late"]
[Site "chess.com INT"]
[Date "2025.05.20"]
[Round "2"]
[White "Lortkipanidze, Nodar"]
[Black "Sakhayi, Mostafa"]
[Result "1-0"]
[WhiteTitle "IM"]
[BlackTitle "CM"]
[WhiteElo "2359"]
[BlackElo "2166"]
[WhiteFideId "13604058"]
[BlackFideId "12512532"]
[EventDate "2025.05.20"]

1. e4 e5 2. Nf3 Nc6 3. d4 exd4 4. Nxd4 Bc5 5. Nb3 Bb6 6. Qe2 a5 7. a4 Nf6 8. Nc3
O-O 9. Be3 Bxe3 10. Qxe3 d6 11. O-O-O Qe7 12. f3 Nb4 13. g4 Be6 14. Nd4 c6 15.
h4 Nd7 16. h5 h6 17. Be2 Ne5 18. Rhg1 Nc4 19. Bxc4 Bxc4 20. Nf5 Qc7 21. g5 1-0

[Event "Titled Tue 20th May Late"]
[Site "chess.com INT"]
[Date "2025.05.20"]
[Round "2"]
[White "Goryachkina, Aleksandra"]
[Black "Garcia, Jhoel"]
[Result "1-0"]
[WhiteTitle "GM"]
[BlackTitle "IM"]
[WhiteElo "2544"]
[BlackElo "2304"]
[WhiteFideId "4147103"]
[BlackFideId "3801110"]
[EventDate "2025.05.20"]

1. c4 e6 2. g3 Nf6 3. Bg2 d5 4. Nf3 Be7 5. d4 O-O 6. Nc3 dxc4 7. Ne5 Nc6 8. Bxc6
bxc6 9. Nxc6 Qd7 10. Nxe7+ Qxe7 11. Qa4 c5 12. dxc5 Qxc5 13. Be3 Qh5 14. f3 Nd5
15. Bd4 Rb8 16. O-O Rd8 17. Qxa7 Rb7 18. Qa5 Rbd7 19. e4 e5 20. Nxd5 Rxd5 21.
exd5 1-0

[Event "Titled Tue 20th May Late"]
[Site "chess.com INT"]
[Date "2025.05.20"]
[Round "2"]
[White "Iglesias Ferreira, Andres"]
[Black "Norowitz, Yaacov"]
[Result "0-1"]
[WhiteTitle "FM"]
[BlackTitle "IM"]
[WhiteElo "2279"]
[BlackElo "2400"]
[WhiteFideId "54507669"]
[BlackFideId "2024799"]
[EventDate "2025.05.20"]

1. Nf3 Nf6 2. d4 b6 3. e3 Bb7 4. Be2 e6 5. O-O c5 6. b3 cxd4 7. exd4 Nc6 8. Bb2
Be7 9. a3 O-O 10. c4 d5 11. Nbd2 Rc8 12. Rc1 Ne4 13. cxd5 Qxd5 14. Bc4 Qf5 15.
Bd3 Nxf2 16. Bxf5 Nxd1 17. Bxh7+ Kxh7 18. Rfxd1 Rfd8 19. Nc4 b5 20. Nce5 Nxe5
21. Nxe5 f6 22. Rxc8 Rxc8 23. Nd7 Rc2 24. Bc1 Rxg2+ 25. Kf1 Rxh2 0-1

[Event "Titled Tue 20th May Late"]
[Site "chess.com INT"]
[Date "2025.05.20"]
[Round "2"]
[White "Jacobsen, Mikkel Manosri"]
[Black "Sailer, Mike"]
[Result "1-0"]
[WhiteTitle "FM"]
[WhiteElo "2223"]
[BlackElo "2108"]
[WhiteFideId "1444514"]
[BlackFideId "2012901"]
[EventDate "2025.05.20"]

1. d4 d5 2. Nf3 Nf6 3. Bf4 Bf5 4. c4 e6 5. Nc3 Bb4 6. Qa4+ Nc6 7. Ne5 O-O 8.
Nxc6 Bxc3+ 9. bxc3 bxc6 10. e3 c5 11. Be2 cxd4 12. cxd4 Ne4 13. Rc1 c5 14. f3
Nf6 15. dxc5 dxc4 16. e4 Qd4 17. Qxc4 Qxc4 18. Bxc4 Bg6 19. Ba6 1-0

[Event "Titled Tue 20th May Late"]
[Site "chess.com INT"]
[Date "2025.05.20"]
[Round "2"]
[White "Gokerkan, Cem Kaan"]
[Black "Mizzi, Jack"]
[Result "0-1"]
[WhiteTitle "GM"]
[BlackTitle "CM"]
[WhiteElo "2489"]
[BlackElo "2086"]
[WhiteFideId "6336760"]
[BlackFideId "5602521"]
[EventDate "2025.05.20"]

1. e4 c6 2. d4 d5 3. e5 c5 4. dxc5 Nc6 5. f4 h5 6. c3 Nh6 7. Nf3 Bg4 8. Be3 e6
9. Nbd2 Nf5 10. Bf2 h4 11. h3 Bh5 12. Qa4 Be7 13. Bd3 g5 14. fxg5 Bxg5 15. Bb5
Rc8 16. Qxa7 Bxd2+ 17. Nxd2 Kf8 18. Qxb7 Nxe5 19. c6 Ng3 20. Bb6 Qe8 21. c7 Qxb5
22. Qxc8+ Kg7 23. Qxh8+ Kxh8 24. c8=Q+ Kh7 25. Kf2 Qxb6+ 0-1

[Event "Titled Tue 20th May Late"]
[Site "chess.com INT"]
[Date "2025.05.20"]
[Round "2"]
[White "Bluebaum, Matthias"]
[Black "Boci, Mateu"]
[Result "1-0"]
[WhiteTitle "GM"]
[BlackTitle "FM"]
[WhiteElo "2660"]
[BlackElo "2268"]
[WhiteFideId "24651516"]
[BlackFideId "4704665"]
[EventDate "2025.05.20"]

1. d4 Nf6 2. c4 e6 3. Nc3 Bb4 4. e3 O-O 5. Bd2 d5 6. Nf3 b6 7. cxd5 exd5 8. Rc1
Bb7 9. Bd3 Nbd7 10. O-O a6 11. Ne5 Bd6 12. f4 Ne4 13. Nxe4 dxe4 14. Bc4 Qe7 15.
Be1 Rad8 16. Qe2 b5 17. Bb3 c5 18. Ba5 Rc8 19. Nxd7 Qxd7 20. dxc5 Bxc5 21. Rfd1
Qf5 22. h3 Ba7 23. Kh2 h6 24. Bb4 Rfe8 25. Rxc8 Rxc8 26. g4 Qf6 27. Rd7 Qc6 28.
Rxf7 Kh8 29. Bc3 Rg8 30. Qd2 b4 31. Bxg7+ Rxg7 32. Qd8+ Kh7 33. Rxg7+ Kxg7 34.
Qg8+ Kf6 35. Qf7# 1-0

[Event "Titled Tue 20th May Late"]
[Site "chess.com INT"]
[Date "2025.05.20"]
[Round "2"]
[White "Khanbutaev, Artemii"]
[Black "Abdurakhmonov, Mukhammadali"]
[Result "0-1"]
[BlackTitle "IM"]
[WhiteElo "2059"]
[BlackElo "2368"]
[WhiteFideId "55747175"]
[BlackFideId "14207346"]
[EventDate "2025.05.20"]

1. d4 a6 2. Bg5 h6 3. Bh4 d5 4. e3 Nd7 5. c4 c6 6. Nc3 Ngf6 7. Qb3 e6 8. Nf3 Be7
9. Bd3 O-O 10. O-O dxc4 11. Bxc4 b5 12. Be2 c5 13. dxc5 Nxc5 14. Qc2 Bb7 15.
Rfd1 Qb6 16. a4 b4 17. a5 Qa7 18. Na4 Be4 19. Qc4 Bd5 20. Qf4 Nxa4 21. Rxa4 Bb3
22. Ne5 Bxa4 23. b3 Nd5 24. Rxd5 Bxh4 25. Rc5 Qxc5 26. bxa4 Qc1+ 27. Bf1 b3 28.
Qe4 b2 29. g3 b1=Q 30. Qxb1 Qxb1 31. gxh4 Rad8 32. Kg2 Rd1 33. Be2 Rg1+ 34. Kh3
Qf5+ 35. Ng4 h5 36. f3 hxg4+ 37. fxg4 Qf2 38. Bf3 Qxf3# 0-1

[Event "Titled Tue 20th May Late"]
[Site "chess.com INT"]
[Date "2025.05.20"]
[Round "2"]
[White "Hungaski, Robert"]
[Black "Pranesh, M"]
[Result "0-1"]
[WhiteTitle "GM"]
[BlackTitle "GM"]
[WhiteElo "2477"]
[BlackElo "2576"]
[WhiteFideId "2021030"]
[BlackFideId "35028600"]
[EventDate "2025.05.20"]

1. h3 e5 2. e3 d5 3. d4 Nc6 4. Nf3 e4 5. Nfd2 f5 6. c4 Nf6 7. Nc3 Be6 8. Qb3 Qd7
9. cxd5 Nxd5 10. Nc4 Ndb4 11. Qd1 Nd3+ 12. Bxd3 exd3 13. Nd2 Nb4 14. O-O Bd6 15.
Nf3 O-O 16. a3 Nc2 17. Rb1 Bc4 18. Nd2 Ba6 19. Qf3 f4 20. Qd5+ Kh8 21. Nde4 fxe3
22. Bxe3 Rf5 23. Qb3 Raf8 24. Nxd6 cxd6 25. Rfe1 Nxe1 26. Rxe1 Qe8 27. Qb4 Qg6
28. Kh2 h6 29. Rd1 b6 30. Rd2 Bb7 31. d5 Bxd5 32. Rxd3 Qxg2# 0-1

[Event "Titled Tue 20th May Late"]
[Site "chess.com INT"]
[Date "2025.05.20"]
[Round "2"]
[White "Vila Dupla, Aurelio"]
[Black "Pribelszky, Bence"]
[Result "0-1"]
[WhiteTitle "FM"]
[BlackTitle "IM"]
[WhiteElo "2056"]
[BlackElo "2400"]
[WhiteFideId "2203383"]
[BlackFideId "769738"]
[EventDate "2025.05.20"]

1. Nf3 d5 2. d4 c5 3. c4 e6 4. cxd5 exd5 5. Nc3 Nc6 6. g3 Nf6 7. Bg2 Be7 8. O-O
O-O 9. dxc5 Bxc5 10. Na4 Be7 11. Be3 Bg4 12. Nd4 Ne5 13. h3 Bd7 14. Nf3 Nc4 15.
Bc1 Rc8 16. Nc3 Qa5 17. Nd4 Bb4 18. Nb3 Qa6 19. Nxd5 Nxd5 20. Qxd5 Bc6 21. Qg5
Bxg2 22. Kxg2 Rfe8 23. Qg4 Ne5 24. Qe4 Rc4 25. Qd5 Qc6 26. Qxc6 Nxc6 27. Be3 Rc2
28. Rab1 Rxe2 29. Rfd1 R8xe3 30. Kf1 Re8 0-1

[Event "Titled Tue 20th May Late"]
[Site "chess.com INT"]
[Date "2025.05.20"]
[Round "2"]
[White "Shuvalov, Evgenij"]
[Black "Le, Quang Liem"]
[Result "0-1"]
[BlackTitle "GM"]
[WhiteElo "1986"]
[BlackElo "2729"]
[WhiteFideId "4187237"]
[BlackFideId "12401137"]
[EventDate "2025.05.20"]

1. d4 Nf6 2. c4 e6 3. Nf3 b6 4. Bf4 Bb7 5. e3 c5 6. d5 exd5 7. Nc3 d6 8. cxd5
Nh5 9. Bb5+ Nd7 10. Bg5 Be7 11. Bxe7 Qxe7 12. Bc6 Bxc6 13. dxc6 Ndf6 14. Nh4 g6
15. O-O O-O 16. Re1 d5 17. e4 d4 18. Nd5 Nxd5 19. exd5 Qxh4 20. Qf3 Qf6 21. Qg4
Qd6 22. Qf3 Nf6 0-1

[Event "Titled Tue 20th May Late"]
[Site "chess.com INT"]
[Date "2025.05.20"]
[Round "2"]
[White "Kosakowski, Jakub"]
[Black "Asish Panda"]
[Result "1-0"]
[WhiteTitle "GM"]
[WhiteElo "2530"]
[BlackElo "1911"]
[WhiteFideId "1185080"]
[BlackFideId "45012458"]
[EventDate "2025.05.20"]

1. e4 e6 2. d4 d5 3. Bd3 dxe4 4. Bxe4 Nf6 5. Bf3 c5 6. Ne2 Nc6 7. Be3 cxd4 8.
Nxd4 Nxd4 9. Qxd4 Qxd4 10. Bxd4 Be7 11. Nc3 O-O 12. O-O-O a5 13. Nb5 Ra6 14. a4
h6 15. Rd3 Nd5 16. Kb1 Nb4 17. Rc3 Rd8 18. Bc5 Bxc5 19. Rxc5 Bd7 20. Rd1 Kf8 21.
Rc7 Ke7 22. Rxb7 Nc6 23. Nc7 Ra7 24. Bxc6 Bxc6 25. Nd5+ 1-0

[Event "Titled Tue 20th May Late"]
[Site "chess.com INT"]
[Date "2025.05.20"]
[Round "2"]
[White "Nakara Husain"]
[Black "Azamikia, Mehran"]
[Result "1-0"]
[BlackTitle "CM"]
[WhiteElo "1701"]
[BlackElo "2130"]
[WhiteFideId "25636111"]
[BlackFideId "12502502"]
[EventDate "2025.05.20"]

1. e4 e5 2. Nf3 Nc6 3. Bc4 Bc5 4. d3 Nf6 5. Bg5 h6 6. Bh4 d6 7. h3 a6 8. O-O Be6
9. Bb3 g5 10. Bg3 Qe7 11. c3 g4 12. Nh4 gxh3 13. Bxe6 hxg2 14. Bxf7+ Qxf7 15.
Kxg2 O-O-O 16. b4 Bb6 17. Qf3 Rdf8 18. Qf5+ Kb8 19. Ng6 Ne7 20. Nxh8 Nxf5 21.
Nxf7 Nxg3 22. fxg3 Rxf7 23. Nd2 Be3 24. Nc4 Bg5 25. Rf5 Rg7 26. a4 Ng4 27. Rf3
h5 28. b5 Ka7 29. Rb1 b6 30. a5 axb5 31. axb6+ Ka6 32. Ra1+ Kb7 33. Ra7+ Kb8 34.
Rf8+ 1-0

[Event "Titled Tue 20th May Late"]
[Site "chess.com INT"]
[Date "2025.05.20"]
[Round "2"]
[White "Xiong, Jeffery"]
[Black "Roberson, Peter T"]
[Result "1-0"]
[WhiteTitle "GM"]
[BlackTitle "IM"]
[WhiteElo "2636"]
[BlackElo "2440"]
[WhiteFideId "2047640"]
[BlackFideId "412384"]
[EventDate "2025.05.20"]

1. e4 e6 2. d4 d5 3. exd5 exd5 4. Nf3 Nf6 5. Bd3 Bd6 6. Qe2+ Be6 7. c4 dxc4 8.
Bxc4 Qe7 9. O-O O-O 10. Re1 Bxc4 11. Qxc4 Qd8 12. Nc3 Nbd7 13. Bg5 h6 14. Bh4
Re8 15. Rxe8+ Qxe8 16. Re1 Qf8 17. Qb3 b6 18. Ne5 Re8 19. f4 c5 20. Ne4 Nxe4 21.
Nxd7 Nd2 22. Qd5 Rxe1+ 23. Bxe1 Qe7 24. Ne5 Nb1 25. Qa8+ Qf8 26. Qe4 f6 27. Nc4
cxd4 28. Qd5+ Kh8 29. Nxd6 Qe7 30. Qa8+ Kh7 31. Qe4+ Qxe4 32. Nxe4 Kg6 33. Kf2
Kf5 34. Kf3 g5 35. g4+ Ke6 36. f5+ Ke5 37. Bg3+ Kd5 38. Nxf6+ Kc4 39. Ne4 1-0

[Event "Titled Tue 20th May Late"]
[Site "chess.com INT"]
[Date "2025.05.20"]
[Round "2"]
[White "Gurevich, Dmitry"]
[Black "Albores, Pablo"]
[Result "1-0"]
[WhiteTitle "GM"]
[BlackTitle "CM"]
[WhiteElo "2347"]
[BlackElo "2220"]
[WhiteFideId "2000407"]
[BlackFideId "105546"]
[EventDate "2025.05.20"]

1. d4 g6 2. e4 d6 3. Nc3 Nf6 4. Nf3 Bg7 5. Be2 O-O 6. O-O Bg4 7. Be3 Nc6 8. d5
Nb8 9. h3 Bxf3 10. Bxf3 e5 11. dxe6 fxe6 12. e5 Nh5 13. Bxb7 Nd7 14. Bxa8 Qxa8
15. exd6 cxd6 16. Qxd6 Ne5 17. Qxe6+ Kh8 18. Qd5 Qc8 19. Rad1 Nc4 20. Bd4 Nxb2
21. Bxg7+ Nxg7 22. Ne4 Qxc2 23. Rd2 Qc4 24. Qxc4 Nxc4 25. Rd7 a5 26. Rc1 Ne5 27.
Re7 Nd3 28. Rcc7 Nf5 29. Rxh7+ Kg8 30. Nd6 Rb8 31. Nxf5 Rb1+ 32. Kh2 Nxf2 33.
Rcg7+ Kf8 34. Rh8# 1-0